| 000 | 00527cam a2200181ua 4500 | ||
|---|---|---|---|
| 020 | _a0 87055 413 1 | ||
| 041 |
_aeng _h |
||
| 082 |
_a634.045 _bOBR/PR |
||
| 100 | _aObrien, Michael . | ||
| 245 |
_aPrinciples and practices for harvesting and handling fruits and nuts / _cMichael Obrien. _hTextual Documents |
||
| 260 |
_aConnecticut : _bA V I Publishing company , _c1983. |
||
| 300 | _a636 ; . | ||
| 504 | _a | ||
| 700 | 1 | _aCargill, Burton F . | |
| 700 | 1 | _aFriedley, Robert . | |
| 942 | _cBK | ||
| 999 |
_c10285 _d10285 |
||